| 000 | 00308 a2200121 4500 | ||
|---|---|---|---|
| 001 | 380 | ||
| 082 | _a620.1MER | ||
| 090 |
_c48 _d48 |
||
| 100 | _aMeriam, J L. ; Kraige, L G. | ||
| 245 | _aEngineering Mechanics; Dynamics vol. 2 Ed.4 | ||
| 260 |
_aNY _bJohn Wiley & Sons _c1998 |
||
| 500 | _aAerospace textbook | ||
| 942 |
_aNUST-CAE _k620.1MER |
||
| 999 |
_c235453 _d235453 |
||